[Event "BAN-chT2"]
[Site "Dhaka"]
[Date "2016.11.09"]
[Round "7.1"]
[White "Elias, Shah"]
[Black "Md, Zahiduzzaman"]
[Result "1-0"]
[WhiteElo "1860"]
[BlackElo "1888"]
[PlyCount "77"]
[EventDate "2016.11.03"]
[EventType "team-swiss"]
[EventRounds "7"]
[EventCountry "BAN"]
[SourceTitle "CBM 175 Extra"]
[Source "ChessBase"]
[SourceDate "2016.12.12"]
[SourceVersion "1"]
[SourceVersionDate "2016.12.12"]
[SourceQuality "1"]
[WhiteTeam "Gandaria Friends CC"]
[BlackTeam "GIIT Chess Academy"]
[WhiteTeamCountry "BAN"]
[BlackTeamCountry "BAN"]

1. d4 d5 2. f4 Nf6 3. Nf3 Bf5 4. e3 e6 5. Be2 Nbd7 6. c3 Ne4 7. Nbd2 Ndf6 8. 0-0 Nxd2 9. Bxd2 Be4 10. b4 a6 11. a4 Be7 12. Ne5 0-0 13. Be1 h6 14. Ng4 c6 15. Nf2 b6 16. Nxe4 Nxe4 17. Bd3 f5 18. Bxe4 dxe4 19. Qb3 Qd7 20. Rd1 Rad8 21. c4 c5 22. b5 axb5 23. axb5 Qc7 24. Bc3 Bf6 25. dxc5 bxc5 26. Bxf6 gxf6 27. Rxd8 Rxd8 28. Rd1 Kf7 29. h3 Rxd1+ 30. Qxd1 Ke7 31. Qa4 Qd7 32. Qa6 Qd6 33. Qa7+ Kd8 34. b6 Qd3 35. Qc7+ Ke8 36. b7 Qxe3+ 37. Kh2 Qb3 38. b8Q+ Qxb8 39. Qxb8+ 1-0